[Event "Schwarzach op-C 20th"]
[Site "Schwarzach"]
[Date "2005.08.21"]
[Round "2.4"]
[White "Stratmann, Dietrich"]
[Black "Pirnbacher, Klaus"]
[Result "0-1"]
[WhiteElo "1449"]
[BlackElo "1598"]
[PlyCount "114"]
[EventDate "2005.08.20"]
[EventType "swiss"]
[EventRounds "9"]
[EventCountry "AUT"]
[SourceTitle "EXT 2024"]
[Source "ChessBase"]
[SourceDate "2023.10.10"]
[SourceVersion "1"]
[SourceVersionDate "2023.10.10"]
[SourceQuality "1"]

1. d4 d5 2. e3 c5 3. c3 Nc6 4. Nd2 Nf6 5. dxc5 e5 6. Nb3 Be7 7. Be2 0-0 8. Nf3 Bg4 9. h3 Bh5 10. Nxe5 Bxe2 11. Nxc6 Bxd1 12. Nxd8 Bxb3 13. Nxb7 Bc4 14. b4 Ne4 15. Bb2 Bh4 16. g3 Bf6 17. Na5 Ba6 18. Rc1 Rab8 19. Nc6 Rb7 20. a4 Nxc5 21. bxc5 Rxb2 22. Nb4 Bc4 23. Rh2 Re8 24. Nc6 a6 25. Nd4 Ra2 26. c6 Bxd4 27. cxd4 Rxa4 28. Kd2 Ra2+ 29. Kc3 Rc8 30. Rb1 Bb5 31. Rxb5 axb5 32. Kb4 Rxc6 33. Kxb5 Rcc2 34. h4 Rab2+ 35. Ka4 Rxf2 36. Rh1 Rbe2 37. Kb5 Rxe3 38. Rc1 h6 39. g4 Re4 40. Rc8+ Kh7 41. Kc5 Rxg4 42. Kxd5 Rxh4 43. Rc7 Rff4 44. Ke5 f6+ 45. Ke6 Rxd4 46. Kf7 f5 47. Kf8 Rhg4 48. Kf7 f4 49. Ke6 f3 50. Rc5 Rdf4 51. Ke5 f2 52. Rd5 f1Q 53. Ke6 Rf6+ 54. Ke7 Re4+ 55. Kd7 Qa6 56. Kd8 Qb7 57. Re5 Rf8+ 0-1